| 000 | 00617nam a2200229Ia 4500 | ||
|---|---|---|---|
| 003 | OSt | ||
| 005 | 20140321103009.0 | ||
| 008 | 140306s9999 xx 000 0 und d | ||
| 020 | _a159707022 | ||
| 050 |
_aFIC _bL796H4 2006 |
||
| 100 | _aLobdell, Scott | ||
| 245 |
_aSea you, sea me / _cScott Lobdell. |
||
| 260 |
_aNew York : _bScholastic Inc., _cc2006. |
||
| 300 |
_bcol. ill. ; _c18 cm. |
||
| 521 | _aG5 | ||
| 526 | _c700 | ||
| 650 | _aCartoons and comics. | ||
| 650 |
_aDetective and mystery comic books, strips, etc. _xJuvenile fiction. |
||
| 650 | _aDetectives. | ||
| 942 |
_cBK _2lcc |
||
| 999 |
_c42792 _d42792 |
||